000 00836nam a2200313 a 4500
003 AR-BaBNM
005 20251128204901.0
008 082120s2002 ||||||||||||||000 | spa||
020 _a84-7133-631-6
040 _cAR-BaBNM
100 1 _aLópez Rupérez, Francisco
245 0 0 _aLa gestión de calidad en educación
250 _a1ª ed.
260 _aMadrid
_bLa Muralla
_c1994
300 _a167 p.
_bgráfs.
490 0 _aAula abierta
504 _aBibliografía p. 165-167
650 4 _aEDUCACION Y EMPLEO
650 4 _aCALIDAD DE LA EDUCACION
650 4 _aLIDERAZGO
650 4 _aFORMACION PROFESIONAL
650 4 _aCAMBIO CULTURAL
651 4 _aEspaña
653 _aGESTION EDUCATIVA
653 _aINVESTIGACION EDUCATIVA
800 1 _aCasanova, María Antonia
_edirector
942 _cBK
998 _cCarmen
999 _c9188
_d9188